000 00448nam a2200181Ia 4500
001 15512
005 20260306170201.0
008 260306t2004||||xx |||||||||||||| ||und||
041 _aESP
082 _a541.36
_bC89
100 _aCriado Sancho Manuel
_eAUT
245 0 _aTermodinámica química y de los procesos irreversibles
260 _c2004
300 _a637 páginas :
_c
650 _aGEN
654 _aCCN
942 _cLIB
_dJUS
_fJUS
_2ddc
_n
999 _c15512
_d15512